| 000 | 00437pab a2200169 454500 | ||
|---|---|---|---|
| 008 | 180718b2005 xxu||||| |||| 00| 0 eng d | ||
| 100 | _aVyas, V.S. | ||
| 245 | _aAgrarian distress: strategies to protect vulnerable sections | ||
| 260 | _c2005 | ||
| 300 | _ap.19-28. | ||
| 362 | _aJan-Mar | ||
| 650 | _aFarmers | ||
| 650 | _aPoverty | ||
| 650 | _aAgrarian structure | ||
| 773 | _aIndian Journal of Labour Economics | ||
| 909 | _a66069 | ||
| 999 |
_c66069 _d66069 |
||